Incognito Discography - Statistics

General Stats
  • This quiz has been taken 2 times
  • The average score is 9 of 30
Answer Stats
Type Year Name % Correct
Album 1993 Positivity
100%
Album 1995 100° and Rising
50%
Album 2004 Adventures in Black Sunshine
50%
Album 2014 Amplified Soul
50%
Album 2006 Bees + Things + Flowers
50%
Album 1996 Beneath the Surface
50%
Album 2016 In Search of Better Days
50%
Album 1991 Inside Life
50%
Album 1981 Jazzfunk
50%
Album 2001 Life, Stranger than Fiction
50%
Live Album 2010 Live in London: The 30th Anniversary Concert
50%
Live Album 2015 Live in London: The 35th Anniversary Show
50%
Remix Album 2003 Love X Love: Who Needs Love Remixes
50%
Remix Album 2008 More Tales: Remixed
50%
Remix Album 1996 Remixed
50%
Album 2008 Tales from the Beach
50%
Album 2002 Who Needs Love
50%
Compilation 2006 20th Century Masters - The Millennium Collection: The Best of Incognito
0%
Compilation 1997 Blue Moods
0%
Album 2005 Eleven
0%
Remix EP 2001 EP - Life, Stranger Than Fiction: Remixes
0%
Remix Album 2005 Feel Your Soul: Remixed
0%
Live Album 1997 Last Night in Tokyo
0%
Compilation 2005 Let the Music Play
0%
Album 1999 No Time like the Future
0%
Album 2012 Surreal
0%
Compilation 1998 The Best of Incognito
0%
Compilation 2000 The Best of Incognito
0%
Album 2010 Transatlantic R.P.M.
0%
Album 1992 Tribes, Vibes and Scribes
0%
No matching quizzes found
Score Distribution
Percent of People with Each Score
Percentile by Number Answered
Your Score History
You have not taken this quiz